Alif laila o laila الف لیلہ و لیلہ (Urdu) / (Record no. 594415)

000 -LEADER
fixed length control field 00316nam a22001097a 4500
003 - CONTROL NUMBER IDENTIFIER
control field NUST
082 ## - DEWEY DECIMAL CLASSIFICATION NUMBER
Classification number 891.4393,MAN
100 ## - MAIN ENTRY--PERSONAL NAME
Personal name Ahmed, Abu Al-Hassan Mansoor
9 (RLIN) 110269
245 ## - TITLE STATEMENT
Title Alif laila o laila الف لیلہ و لیلہ (Urdu) /
Statement of responsibility, etc. Abu Al-Hassan Mansoor Ahmed
650 ## - SUBJECT ADDED ENTRY--TOPICAL TERM
Topical term or geographic name entry element Urdu Literature
942 ## - ADDED ENTRY ELEMENTS (KOHA)
Source of classification or shelving scheme
Koha item type Book
Holdings
Withdrawn status Lost status Source of classification or shelving scheme Damaged status Not for loan Permanent Location Current Location Shelving location Date acquired Shelving control number Total Checkouts Full call number Barcode Date last seen Date last checked out Price effective from Koha item type Public note
          Military College of Signals (MCS) Military College of Signals (MCS) General Stacks 04/03/2023 Urdu Literature 2 891.4393,MAN MCS28673 01/17/2025 01/06/2025 04/03/2023 Book Almirah No.66, Shelf No.2
© 2023 Central Library, National University of Sciences and Technology. All Rights Reserved.